000 00750nam a2200241 i 4500
001 bgj
100 1 _aSCOTT-BARRET, Fiona
245 1 0 _aNew Proficiency Listening and Speaking /
_cFiona Scott-Barret.
260 _aHarlow, Essex :
_bLongman,
_c2004.
300 _a56 pp ;
_c29 cm.
490 1 _aLongman Exam Skills
650 9 _aEnglish language
_xExaminations, questions, etc.
650 9 _aEnglish language
_xAssessment tests
650 9 _aEnglish language
_xProficiency tests
650 9 _aEnglish language
_xListening and Speaking |Proficiency tests
830 _aLongman Exam Skills
020 _a0582771218
040 _cBPK
041 0 _aeng
920 _a0-582-77121-8
942 _cKS
008 s uk f |000 0 eng
999 _c48764
_d48764
856 _uhttp://koha.tu.koszalin.pl/cgi-bin/koha/opac-detail.pl?biblionumber=48764
_yKatalog online BPK